Fundamentals of queueing theory (Record no. 10753)

000 -LEADER
fixed length control field 00392 a2200157 4500
020 ## - INTERNATIONAL STANDARD BOOK NUMBER
International Standard Book Number 9780471791270
040 ## - CATALOGING SOURCE
Original cataloging agency DLC
Language of cataloging DLC
082 ## - DEWEY DECIMAL CLASSIFICATION NUMBER
Classification number 519.82
100 ## - MAIN ENTRY--PERSONAL NAME
Personal name Gross, Donald
245 ## - TITLE STATEMENT
Title Fundamentals of queueing theory
Statement of responsibility, etc. Gross, Donald
260 ## - PUBLICATION, DISTRIBUTION, ETC.
Place of publication, distribution, etc. New ZJersey
Name of publisher, distributor, etc. Wiley & sons
Date of publication, distribution, etc. 2008
300 ## - PHYSICAL DESCRIPTION
Extent 500 p.
650 ## - SUBJECT ADDED ENTRY--TOPICAL TERM
Topical term or geographic name entry element Queuing theory
700 ## - ADDED ENTRY--PERSONAL NAME
Personal name Gross, Donald
942 ## - ADDED ENTRY ELEMENTS (KOHA)
Koha item type Book
Call number prefix 519.82 GRO
Source of classification or shelving scheme
Holdings
Withdrawn status Lost status Damaged status Not for loan Collection code Permanent Location Current Location Shelving location Date acquired Source of acquisition Cost, normal purchase price Total Checkouts Total Renewals Full call number Barcode Date last seen Date last checked out Price effective from Koha item type
          Central Library (CL) Central Library (CL) General Stacks 03/19/2012 Progressive International Agencies 10179.26 1 1 519.82 GRO SEECS010907 01/11/2019 11/04/2014 01/05/2017 Book
© 2023 Central Library, National University of Sciences and Technology. All Rights Reserved.